Contes Juifs
Saved in:
| Main Author: | |
|---|---|
| Format: | Book |
| Language: | Undetermined |
| Published: |
París, Francia
Eugene Fasquelle
1926
|
| Subjects: | |
| Tags: |
Add Tag
No Tags, Be the first to tag this record!
|
MARC
| LEADER | 00000nam a2200000Ia 4500 | ||
|---|---|---|---|
| 008 | 170316s9999 xx 000 0 und d | ||
| 040 | |a cru BVZT | ||
| 090 | |a 840 K-1c | ||
| 100 | |a Kahn, Gustave | ||
| 245 | |a Contes Juifs | ||
| 260 | |a París, Francia | ||
| 260 | |b Eugene Fasquelle | ||
| 260 | |c 1926 | ||
| 300 | |a 213 páginas | ||
| 650 | |a LITERATURA FRANCESA | ||
| 999 | |c 7751 |d 7751 | ||
| 942 | |c 15 D |h 840 K-1c |2 z | ||
